000 00737nam a2200241 a 4500
001 000024443
005 20200930023158.0
008 110127s2000 sp r 001 0 spa d
020 _a8420700304
040 _aDO-SdBNP
_bspa
_cBNPHU
041 1 7 _aspa
_hger
_2Código de idiomas MARC
082 _ann*
_bnn*
100 1 _aPausewang, Gudrun.
_950112
240 1 0 _aDie verräterin.
_lEspañol
245 1 3 _aLa traidora /
_cGudrun Pausewang ; traducción de Rosa Pilar Blanco.
260 _aMadrid :
_bAnaya,
_c2000.
300 _a215, [7] p. ;
_c22 cm.
490 1 _aEspacio Abierto
534 _aTítulo original :
_tDie verräterin
700 1 _aPilar Blanco, Rosa,
_etr.
_950113
830 0 _aEspacio Abierto
_921453
049 _aBNGR
999 _c23936
_d23936